Online
Catalog

Cocinando con mi mamá : (Record no. 49464)

MARC details
000 -CABECERA
campo de control de longitud fija 01164nam a22002777a 4500
003 - IDENTIFICADOR DEL NÚMERO DE CONTROL
campo de control OSt
005 - FECHA Y HORA DE LA ÚLTIMA TRANSACCIÓN
campo de control 20240722094910.0
008 - DATOS DE LONGITUD FIJA--INFORMACIÓN GENERAL
campo de control de longitud fija 210226b 2020 dr a 00| 0 eng d
020 ## - NÚMERO INTERNACIONAL ESTÁNDAR DEL LIBRO
Número Internacional Estándar del Libro 9789945096484
040 ## - FUENTE DE LA CATALOGACIÓN
Centro catalogador/agencia de origen DO-SdBNP
Lengua de catalogación spa
Centro/agencia transcriptor BNPHU
082 #4 - NÚMERO DE LA CLASIFICACIÓN DECIMAL DEWEY
Número de clasificación 641.597293
Número de documento/Ítem G993c
Número de edición 22
100 1# - ENTRADA PRINCIPAL--NOMBRE DE PERSONA
Nombre de persona Guzmán Casado de Ciaschi, Yudelka,
Fechas asociadas al nombre 1955-
9 (RLIN) 77956
245 10 - MENCIÓN DE TÍTULO
Título Cocinando con mi mamá :
Resto del título la cocina dominicana aprendida pegada a las faldas de mamá /
Mención de responsabilidad, etc. Yudelka Guzmán Casado de Ciaschi ; edición de textos: Roberto Ciaschi ; fotografías: Yudelka Guzmán Casado de Ciaschi y Roberto Ciaschi.
260 ## - PUBLICACIÓN, DISTRIBUCIÓN, ETC.
Lugar de publicación, distribución, etc. Santo Domingo :
Nombre del editor, distribuidor, etc. Corripio :
Fecha de publicación, distribución, etc. 2020.
300 ## - DESCRIPCIÓN FÍSICA
Extensión 180 p. :
Otras características físicas il., fots. ;
Dimensiones 23 cm.
500 ## - NOTA GENERAL
Nota general Incluye datos de la autora en la solapa de la cubierta.<br/>
590 ## - NOTA LOCAL (RLIN)
Nota local Inventariado, 2021 /LP<br/><br/>
590 ## - NOTA LOCAL (RLIN)
Nota local La biblioteca posee 1 ejemplar autografiado por la autora
650 #4 - PUNTO DE ACCESO ADICIONAL DE MATERIA--TÉRMINO DE MATERIA
Término de materia o nombre geográfico como elemento de entrada Cocina dominicana
9 (RLIN) 192
650 #4 - PUNTO DE ACCESO ADICIONAL DE MATERIA--TÉRMINO DE MATERIA
Término de materia o nombre geográfico como elemento de entrada Gastronomia
Subdivisión geográfica República Dominicana
9 (RLIN) 78247
650 #4 - PUNTO DE ACCESO ADICIONAL DE MATERIA--TÉRMINO DE MATERIA
Término de materia o nombre geográfico como elemento de entrada Cocina
Subdivisión general Recetas
9 (RLIN) 78248
650 #0 - PUNTO DE ACCESO ADICIONAL DE MATERIA--TÉRMINO DE MATERIA
Término de materia o nombre geográfico como elemento de entrada Comidas y banquetes
9 (RLIN) 18978
700 1# - PUNTO DE ACCESO ADICIONAL--NOMBRE DE PERSONA
Nombre de persona Ciaschi, Roberto,
Término indicativo de función/relación edición
9 (RLIN) 77957
910 ## - DATOS DE OPCIÓN DEL USUARIO (OCLC)
Datos de opción del usuario Validado. Control de calidad MFF
942 ## - ELEMENTOS DE PUNTO DE ACCESO ADICIONAL (KOHA)
Fuente del sistema de clasificación o colocación Dewey Decimal Classification
Tipo de ítem Koha Libro
Holdings
Estado de retiro Estado de pérdida Fuente del sistema de clasificación o colocación Restricciones de uso No para préstamo Código de colección Localización permanente Ubicación/localización actual Ubicación en estantería Fecha de adquisición Fuente de adquisición Total de préstamos Signatura topográfica completa Código de barras Fecha visto por última vez Precio válido a partir de Tipo de ítem Koha Número de copia
    Dewey Decimal Classification Préstamo en sala   Dominicana de Servicio Biblioteca Nacional Pedro Henríquez Ureña General Depósito 26.02.2021 Depósito Legal   BNPHU DS 641.597293 G993c 2021-0493 26.02.2021 26.02.2021 Libro y Folleto Colección Dominicana de Servicio e .3
    Dewey Decimal Classification Excluido de préstamo Excluido de préstamo Patrimonio Dominicano Biblioteca Nacional Pedro Henríquez Ureña Patrimonio Dominicano Depósito 26.02.2021 Depósito Legal   BNPHU PD 641.597293 G993c 2021-0491 26.02.2021 26.02.2021 Libro y Folleto Colección Patrimonio Dominicano  
    Dewey Decimal Classification Excluido de préstamo Préstamo restrigido Patrimonio Dominicano Biblioteca Nacional Pedro Henríquez Ureña Patrimonio Dominicano Depósito 26.02.2021 Depósito Legal   BNPHU PD 641.597293 G993c 2021-0492 26.02.2021 26.02.2021 Libro y Folleto Colección Patrimonio Dominicano e. 2

Powered by Koha